00527nam a2200145 a 4500008004100000050001600041100001800057245006100075260002400136300001700160350000900177500013100186650004000317650002400357120416s1974 ||||||||||||||||| || u aLB 2806 Out aFowler, Gerry10aOutput measurement and educationcedited by Gerry Fowler aLondonbCIPFAc1974 a110p. : ill. a0.00 athese papers were presented at a conference held by the I.M.T.A(now the Chartered Institute of Public Finance and Accountancy) 0aEDUCATIONAL TESTS AND MEASUREMENTS  aEDUCATION--RESEARCH